000 00598nam a2200217Ia 4500
003 OSt
005 20220926044337.0
006 a|||||r|||| 00| 0
007 ta
008 220923b |||||||| |||| 00| 0 eng d
037 _cGeneral Book
040 _aRTL
_cRTL
_beng
041 _2eng
_aeng
082 _aV7311:1.N5, J4
100 _aCaldwell Lynton K
_9133652
245 0 _aGovernment and administration of New York
260 _c1954
650 _aConstitution United States
_9240337
942 _hV7311:1.N5, J4
_cGB
_2CC
999 _c674606
_d674606